000 00458nam a2200181Ia 4500
005 20250326125752.0
008 250326s9999 xx 000 0 und d
037 _aTextbook
040 _aFMSL
_beng
_cFMSL
041 _aeng
_2eng
084 _aX:72 N1
_qFMSL
100 _aAckley G
245 0 _aMacroeconomic theory
_cAckley G
260 _aNY
_bNY, Macmillan
_c1961
300 _a597p
942 _cTB
_hX:72 N1
999 _c1279485
_d1279485